000 00631nam a2200241Ia 4500
003 OSt
005 20220918201606.0
006 a|||||r|||| 00| 0
007 ta
008 220917b |||||||| |||| 00| 0 eng d
024 _a95,012
037 _cTextual
040 _aARTS
_cARTS
_beng
041 _2eng
_aeng
082 _aV1N45-74, J8
100 _aCastandea Jorge
_999671
245 0 _aMexico and the United Nations
260 _c1958
490 _anational studies on ibnternational orgfanization
650 _aHISTORY
942 _hV1N45-74, J8
_cTEXL
_2CC
999 _c218637
_d218637